[Event "Nutcracker Classic 2020"]
[Site "Moscow"]
[Date "2020.03.06"]
[Round "3.3"]
[White "Tomashevsky, Evgeny"]
[Black "Lomasov, Semyon"]
[Result "1-0"]
[WhiteElo "2705"]
[BlackElo "2541"]
[Annotator "TA"]
[PlyCount "59"]
[EventDate "2020.03.04"]
[EventType "schev"]
[EventCountry "RUS"]
[SourceTitle "playchess.com"]
[Source "ChessBase"]
[SourceQuality "1"]

{[%evp 18,59,17,10,21,24,18,8,29,33,27,20,29,27,30,25,24,28,45,28,29,29,29,29,51,45,50,35,40,45,101,0,0,0,0,0,0,0,0,0,0,-139,758,753]} 1. d4 e6 2. c4 Bb4+ 3. Bd2 Qe7 4. Nf3 Nf6 5. Nc3 b6 6. e3 Bxc3 7. Bxc3 Ne4 8. Rc1 Bb7 9. Bd3 O-O 10. O-O Nxc3 {E11: Bogo-Indian.} 11. Rxc3 d6 12. c5 {[#]} g6 $146 {[%cal Rd6c5] The position is equal.} ({Predecessor:} 12... e5 13. cxd6 cxd6 14. Qc2 Na6 15. Bxh7+ Kh8 16. Be4 Nb4 17. Qb3 Bxe4 18. Qxb4 Bxf3 19. gxf3 {1-0 (48) Tsakiris,H (2250)-Triantos,K (2051) Heraklion 2017}) 13. cxd6 cxd6 14. Nd2 Na6 15. Qa4 Nc7 {[%cal Ba6c7,Bc7e8,Be8f6][%mdl 32]} 16. e4 Rfc8 17. Rfc1 Kg7 18. Nf1 Ne8 19. Ne3 Nf6 20. f3 d5 21. e5 Ng8 22. f4 Rxc3 23. Rxc3 Qd8 ({Black should play} 23... Rc8 $14) 24. f5 (24. g4 $16) 24... exf5 $11 25. Bxf5 gxf5 26. Nxf5+ Kh8 27. Nd6 $1 $36 {[%cal Rd6f7][%mdl 2048] White is pushing.} Qe7 28. Qc2 {[#] Rc7 is the strong threat.} Rd8 $1 {[%cal Rd8d6] Hoping for ...Rxd6.} 29. Nxb7 (29. h3 $11 {remains equal.} Ba6 30. Rc7) 29... Qxb7 $4 {[%mdl 8192]} (29... Rd7 $17 30. Rh3 h6) 30. Rc7 {Accuracy: White = 87%, Black = 80%.} 1-0

[Event "Nutcracker Classic 2020"]
[Site "Moscow"]
[Date "2020.03.06"]
[Round "3.4"]
[White "Gelfand, Boris"]
[Black "Sarana, Alexey"]
[Result "1/2-1/2"]
[WhiteElo "2685"]
[BlackElo "2656"]
[Annotator "TA"]
[PlyCount "80"]
[EventDate "2020.03.04"]
[EventType "schev"]
[EventCountry "RUS"]
[SourceTitle "playchess.com"]
[Source "ChessBase"]
[SourceQuality "1"]

{[%evp 18,80,16,13,39,24,23,21,9,10,29,18,12,8,10,16,5,0,0,0,0,0,0,0,0,0,0,0,0,0,0,0,22,22,22,22,5,0,0,0,0,0,0,0,0,0,0,0,0,0,0,0,0,0,0,0,0,0,0,0,0,0,0,0,0]} 1. Nf3 d5 2. g3 g6 3. Bg2 Bg7 4. d4 Nf6 5. O-O O-O 6. c4 c6 7. b3 Bf5 8. Bb2 a5 9. Nc3 Ne4 10. e3 Nd7 {D78: Fianchetto Grünfeld: 6 0-0 c6.} 11. Qe2 Qb6 12. Rfc1 Nxc3 13. Bxc3 Be4 14. cxd5 cxd5 {The position is equal.} 15. Bh3 Bxf3 16. Qxf3 {[#]} e6 $146 ({Predecessor:} 16... Nf6 17. Qe2 Ne4 18. Be1 e6 19. Bf1 Rfb8 20. Qb5 Qxb5 21. Bxb5 Bf8 22. f3 Nd6 {½-½ (47) Sturua,Z (2545)-Sokolov,I (2630) Manila 1992}) 17. Qe2 Rfc8 18. Bf1 Bf8 19. Qb5 Qxb5 20. Bxb5 Nf6 {...Ba3 is the strong threat.} 21. Bd2 Bb4 22. Rxc8+ Rxc8 23. Rc1 Ra8 24. Bc3 Bxc3 25. Rxc3 $11 {[%mdl 4096] Endgame KRB-KRN} Ne4 26. Rc7 Nd6 27. a4 Rc8 28. Rd7 Nxb5 29. axb5 {KR-KR} Rc3 30. Rxb7 Rxb3 31. b6 a4 32. Ra7 Rxb6 33. Rxa4 Kg7 34. h4 h5 35. Ra7 Rc6 36. Kg2 Rb6 37. Kf3 Rb2 38. Kg2 Kf6 39. Kf3 Rc2 40. Kg2 Rb2 {An uneventful encounter. Accuracy: White = 100%, Black = 100%.} 1/2-1/2

[Event "Nutcracker Classic 2020"]
[Site "Moscow"]
[Date "2020.03.07"]
[Round "4.1"]
[White "Lomasov, Semyon"]
[Black "Najer, Evgeniy"]
[Result "1-0"]
[WhiteElo "2541"]
[BlackElo "2661"]
[Annotator "TA"]
[PlyCount "153"]
[EventDate "2020.03.04"]
[EventType "schev"]
[EventCountry "RUS"]
[SourceTitle "playchess.com"]
[Source "ChessBase"]
[SourceQuality "1"]

{[%evp 18,153,3,10,17,0,0,0,1,0,0,0,0,0,0,0,0,0,0,-12,0,0,0,0,0,-10,0,-8,0,0,0,0,34,17,16,13,20,9,33,25,6,0,0,0,0,0,27,15,54,54,83,79,85,85,97,71,93,74,132,93,107,87,145,135,160,160,164,160,165,156,175,164,167,167,167,0,116,70,70,70,70,63,69,68,122,111,303,245,295,295,288,288,249,236,223,233,280,260,255,0,255,0,244,249,251,221,270,263,277,269,262,254,29988,29989,29989,29973,29990,29974,29974,29975,29975,29976,29976,29977,29977,29978,29978,29979,29979,29979,29978,29979,29981,29982,29982,29983,29983,29984]} 1. d4 d5 2. c4 e6 3. Nf3 Nf6 4. g3 Bb4+ 5. Bd2 Be7 6. Bg2 O-O 7. O-O Nbd7 8. Qc2 c6 9. Rd1 b6 10. Bf4 Ba6 {E08: Closed Catalan: Main Line: 7 Qc2.} 11. Ne5 Rc8 12. cxd5 Nxd5 {The position is equal.} 13. Nc3 {[%cal Bb1c3,Bc3e2,Be2g3][%mdl 32]} Nxe5 14. Bxe5 f6 15. Bf4 $1 Nxf4 16. gxf4 f5 17. e3 Bb7 18. Ne2 {[#]} Bd6 $146 ({Predecessor:} 18... Rf6 19. Ng3 Bd6 20. Rac1 Kh8 21. Bf3 Rh6 22. Qa4 a6 23. Bxc6 b5 24. Bxb7 Rxc1 25. Rxc1 bxa4 {½-½ (79) Shevchenko,K (2491)-Bok,B (2598) Minsk 2017}) 19. Rac1 Kh8 20. Ng3 Rc7 21. Qe2 Qc8 22. Rc3 Bb4 23. Rc2 Bd6 24. Rdc1 c5 25. dxc5 Rxc5 26. b4 Rxc2 27. Rxc2 Qa8 28. Bxb7 Qxb7 29. Qc4 Qe7 30. a3 e5 31. fxe5 Bxe5 32. f4 Ba1 33. Nxf5 $1 Qd7 ({Wrong is} 33... Rxf5 $2 34. Qe4 $3 $18 {[%mdl 512]}) 34. Ng3 $1 g6 35. Kg2 Re8 36. Kf3 Qd1+ 37. Kf2 Qd7 (37... Bf6 $142) 38. b5 Qe7 39. Qb3 g5 (39... Bg7 $142) 40. Kg2 $1 $16 gxf4 41. exf4 Qd7 42. a4 Rf8 43. Qc4 Bg7 44. Qe4 Qg4 45. Rc4 Qd7 46. Rc2 ({White should play} 46. f5 $18) 46... Qg4 $1 47. Rc7 Rxf4 48. Qd5 Qg6 49. Rxa7 Qc2+ 50. Kh3 $1 Rf2 (50... Qc8+ $14 51. Qd7 Qxd7+ 52. Rxd7 Rf8) 51. Qd8+ Bf8 $2 (51... Rf8 $16 52. Qe7 Rg8) 52. Qd4+ $18 Kg8 53. Qd5+ Kh8 54. Qe5+ Kg8 55. Ne4 $1 Rf3+ {[#]} 56. Kh4 $1 Qc4 57. Qg5+ Kh8 58. Qe5+ Kg8 59. Qg5+ $40 {[%mdl 128] White is up to no good.} Kh8 {[#]} 60. Rxh7+ $1 {[%mdl 576] Decoy} Kxh7 61. Qh5+ {[%mdl 64] Double Attack} Kg8 62. Qg4+ ({Much less strong is} 62. Qxf3 $6 Qxa4 63. Qg4+ Kh8 $18) 62... Kh8 {( -> ...Be7+)} 63. Qxf3 Be7+ {[#]} 64. Kh5 $1 Qxa4 $2 (64... Qd5+ $18 65. Kg4 Qg8+ 66. Kh3 Qh7+ 67. Kg3 Qg8+ 68. Qg4 Qf7 69. Qc8+ Kg7 70. Qc3+ Kg8) 65. Kg6 {White mates.} Qc4 66. Qh5+ Kg8 67. Qh7+ {[%mdl 64] Double Attack} Kf8 68. Qh8+ Qg8+ 69. Qxg8+ Kxg8 {[%mdl 4096] Endgame KB-KN} 70. Nf6+ Kh8 71. h4 Bc5 72. h5 Be3 73. Nd5 Bd4 74. h6 Kg8 75. Nf6+ Kh8 76. Ne4 Be3 77. Nd6 {Accuracy: White = 97%, Black = 75%.} 1-0

[Event "Nutcracker Classic 2020"]
[Site "Moscow"]
[Date "2020.03.07"]
[Round "4.2"]
[White "Sarana, Alexey"]
[Black "Shirov, Alexei"]
[Result "1/2-1/2"]
[WhiteElo "2656"]
[BlackElo "2672"]
[Annotator "TA"]
[PlyCount "113"]
[EventDate "2020.03.04"]
[EventType "schev"]
[EventCountry "RUS"]
[SourceTitle "playchess.com"]
[Source "ChessBase"]
[SourceQuality "1"]

{[%evp 21,113,13,10,13,11,19,43,37,25,-26,0,0,0,0,0,0,0,0,0,-36,-38,-50,0,-79,-76,-120,14,5,13,19,12,8,26,0,0,0,0,0,0,0,0,0,0,0,0,0,0,0,0,0,0,0,0,0,0,0,0,0,0,0,0,0,0,0,0,-52,0,0,0,0,0,-34,-27,-9,-28,-67,6,6,6,6,6,6,6,0,6,6,6,6,6,6,6,6,6,6]} 1. Nf3 d5 2. d4 Nf6 3. c4 c6 4. Nc3 e6 5. e3 Nbd7 6. Qc2 Bd6 7. Bd3 O-O 8. O-O dxc4 9. Bxc4 b5 10. Be2 Bb7 11. e4 e5 12. dxe5 {D46: Semi-Slav: 5 e3 Nbd7 6 Bd3, Black avoids the Meran.} Nxe5 13. Nh4 g6 14. f4 {White is slightly better.} Neg4 {[#] Hoping for ...Qb6+.} 15. e5 {[#]} (15. g3 $142 $1) 15... Qb6+ $146 ({Predecessor:} 15... Bc5+ 16. Kh1 Nf2+ 17. Rxf2 Bxf2 18. Nf3 Ng4 19. Ng5 Ne3 20. Qb3 c5 21. Nce4 c4 22. Qxb5 Bxe4 23. Nxe4 {½-½ (42) Lupulescu,C (2631)-Stefansson,H (2602) Reykjavik 2015}) 16. Kh1 {Threatens to win with Bxg4.} Nf2+ 17. Rxf2 $1 Qxf2 18. Nf3 Rfe8 $1 19. Bd2 {Bd3 is the strong threat.} (19. exd6 $2 b4 $19) ({Don't blunder} 19. exf6 $2 c5 $17) 19... b4 20. Ne4 (20. Rf1 $5 {[%cal Rf1f2]} Qc5 {[%mdl 64] Pin} 21. Ng5 bxc3 22. Bxc3 $17) 20... Nxe4 21. Qxe4 Qb6 22. Bc4 (22. Ng5 $1 $11 {remains equal.} Be7 23. Bc4 Bxg5 24. fxg5) 22... c5 $17 23. Qe3 Qc6 ({Black should try} 23... Be7 $17 {Strongly threatening ...Rad8.} 24. Qb3 Rf8) 24. Qb3 $11 Be7 25. Bxf7+ {[%mdl 64] [#] Double Attack} Kg7 26. Bxe8 Rxe8 27. Rc1 a5 28. Be3 Rd8 29. Qc2 Qe4 30. Qxe4 ({But not} 30. Bxc5 $2 Qxc2 31. Rxc2 Bxf3 $19) 30... Bxe4 31. Kg1 Bxf3 32. gxf3 {[%mdl 4096] Endgame KRB-KRB} Rc8 33. Kf2 Kf7 34. Ke2 Ke6 35. b3 Kd5 36. Kd3 a4 37. Rc2 Ra8 38. Bc1 axb3 39. axb3 Ra1 40. Bb2 Rd1+ 41. Ke2 $1 {[%cal Re2d1]} Rh1 42. Kd3 Rg1 43. Re2 (43. Rd2 $11) 43... Ke6 (43... h5 $1 $15) 44. Rc2 Rb1 45. Ke4 h5 46. h3 h4 47. Bc1 $1 Rxb3 {White must now prevent ...Rb1.} 48. Be3 Rc3 (48... Ra3 $15 49. Rg2 Kf7) 49. Rxc3 {The position is equal.} bxc3 {KB-KB} 50. Kd3 Kd5 51. Kxc3 c4 52. Bb6 Bf8 53. Bd8 Bh6 54. f5 gxf5 55. e6 Kxe6 56. Kxc4 Ke5 $1 57. Bc7+ {Accuracy: White = 82%, Black = 84%.} 1/2-1/2

[Event "Nutcracker Classic 2020"]
[Site "Moscow"]
[Date "2020.03.07"]
[Round "4.3"]
[White "Tomashevsky, Evgeny"]
[Black "Esipenko, Andrey"]
[Result "1/2-1/2"]
[WhiteElo "2705"]
[BlackElo "2654"]
[Annotator "TA"]
[PlyCount "80"]
[EventDate "2020.03.04"]
[EventType "schev"]
[EventCountry "RUS"]
[SourceTitle "playchess.com"]
[Source "ChessBase"]
[SourceQuality "1"]

{[%evp 18,80,11,14,14,18,18,14,5,12,18,16,33,20,41,52,41,6,8,6,1,0,12,10,13,13,40,41,45,41,45,48,84,83,84,78,95,88,70,25,23,17,39,39,39,31,47,23,55,24,22,0,0,0,4,0,15,24,24,8,31,0,0,0,0]} 1. e4 e5 2. Nf3 Nc6 3. Bb5 Nf6 4. O-O Nxe4 5. Re1 Nd6 6. Nxe5 Be7 7. Bf1 Nxe5 8. Rxe5 O-O 9. d4 Bf6 10. Re1 Nf5 {C67: Ruy Lopez: Berlin Defence: 4 0-0 Nxe4.} 11. d5 Re8 12. Nd2 {[%cal Bb1d2,Bd2e4,Be4g3,Bg3f5,Bf5e3,Be3c4][%mdl 32]} Rxe1 13. Qxe1 d6 14. c3 {[#]} c6 $146 ({Predecessor:} 14... Bd7 15. Ne4 Be7 16. Qd1 Bf8 17. Bg5 Qe8 18. Qd3 h6 19. Bf4 Qe7 20. Re1 Re8 {1-0 (62) Azarov,S (2597)-Perez Ponsa,F (2559) chess.com INT 2020}) 15. Ne4 Bd7 16. dxc6 Bxc6 17. Bf4 Be5 18. Ng3 Bxf4 19. Nxf5 Be5 20. g3 Qg5 21. Ne3 f5 22. Bg2 {And now f4 would win.} f4 23. Bxc6 bxc6 24. Nc4 Rf8 {[#]} 25. Nxd6 $1 {[%mdl 512]} fxg3 (25... Bxd6 26. Qe6+) 26. hxg3 h5 27. Ne4 Qg4 28. Nc5 Qf5 $1 {With the idea ...Bxg3.} 29. Nd7 Bxc3 30. Qxc3 Qxd7 $11 {[%mdl 4096] Endgame KQR-KQR} 31. Qc4+ Kh7 32. Re1 Rf5 33. Qe4 (33. Qc2 {keeps more tension.} g6 34. b3 Rd5 35. Kg2 Rf5 36. Qc3) 33... Qd5 34. b3 (34. Qc2 {looks sharper.} Qc5 35. Re2 Qxc2 36. Rxc2 Ra5 37. a3) 34... Qxe4 35. Rxe4 {KR-KR} Rc5 36. Re6 Rc2 37. a4 Rc3 38. b4 Rc4 39. b5 cxb5 40. axb5 Rc5 {Accuracy: White = 83%, Black = 88%.} 1/2-1/2

[Event "Nutcracker Classic 2020"]
[Site "Moscow"]
[Date "2020.03.07"]
[Round "4.4"]
[White "Gelfand, Boris"]
[Black "Yuffa, Daniil"]
[Result "1/2-1/2"]
[WhiteElo "2685"]
[BlackElo "2566"]
[Annotator "TA"]
[PlyCount "83"]
[EventDate "2020.03.04"]
[EventType "schev"]
[EventCountry "RUS"]
[SourceTitle "playchess.com"]
[Source "ChessBase"]
[SourceQuality "1"]

{[%evp 10,83,20,16,27,33,45,45,46,38,45,31,28,29,28,41,41,31,60,45,55,6,9,4,9,0,0,0,0,0,1,0,0,0,0,0,0,0,0,0,50,50,47,43,45,47,42,46,46,43,52,20,66,66,70,77,77,66,69,66,66,66,66,66,66,66,66,66,66,37,37,37,83,83,113,113]} 1. d4 Nf6 2. c4 e6 3. Nf3 Bb4+ 4. Nbd2 O-O 5. a3 Be7 6. e4 d6 {E11: Bogo-Indian.} 7. Be2 a5 {7...c5 is the recent fashion.} 8. Qc2 {[#]} e5 $146 {White is slightly better.} ({Predecessor:} 8... a4 9. Nb1 e5 10. Nc3 Nc6 11. d5 Nd4 12. Qd1 Nb3 13. Rb1 Bd7 14. O-O Nc5 {1-0 (28) Cordova,E (2571)-Bartel,M (2635) chess24.com INT 2019}) 9. dxe5 dxe5 10. Nxe5 Bd6 11. Nef3 {[#] e5 is the strong threat.} Qe7 12. O-O Nc6 13. b3 Bg4 14. Bb2 Rad8 15. Rfe1 {next e5! is good for White.} (15. e5 $5 Nxe5 16. Rfe1 $14) 15... Bxf3 $1 16. Nxf3 {[#] Strongly threatening e5!} Qxe4 17. Qxe4 Nxe4 18. Bd3 Nc5 19. Bc2 Ne6 20. Rad1 Bc5 21. Rd5 Ncd4 22. Bxd4 Rxd5 23. Bxg7 Nxg7 24. cxd5 Re8 (24... Bxa3 {looks sharper.} 25. Ng5 h6 26. Nh7 Rd8 27. Nf6+ Kf8) 25. a4 Rxe1+ 26. Nxe1 $14 {[%mdl 4096] Endgame KBN-KBN} Ne8 27. Be4 Nf6 28. Bf3 Kf8 29. Nd3 Bd4 30. g4 Nd7 31. Kg2 Nc5 32. Nxc5 Bxc5 {KB-KB} 33. Be4 h6 34. f4 Bd6 35. Kf3 Kg7 36. Bf5 b6 37. Bd7 Bb4 38. Ke4 Kf6 39. h4 Be1 40. g5+ Kg7 41. h5 f6 42. g6 {Accuracy: White = 89%, Black = 83%.} 1/2-1/2